Análisis dofa de la práctica social en la empresa semesca s.a.s. de la ciudad de Cartagena de Indias en el segundo período del año 2022 / (Registro nro. 4605)

Detalles MARC
000 -LEADER
fixed length control field 02903nam a2200265 4500
005 - DATE AND TIME OF LATEST TRANSACTION
control field 20250329165444.0
008 - FIXED-LENGTH DATA ELEMENTS--GENERAL INFORMATION
fixed length control field 180125s2022 000 0 eng d
040 ## - CATALOGING SOURCE
Original cataloging agency CO-CtgCURN
Language of cataloging spa
Transcribing agency coctgcurn
082 0# - DEWEY DECIMAL CLASSIFICATION NUMBER
Classification number INQ 2022
Item number R175
100 1# - MAIN ENTRY--PERSONAL NAME
Personal name Ramos Aguilar, Sebastián Enrique.
245 10 - TITLE STATEMENT
Title Análisis dofa de la práctica social en la empresa semesca s.a.s. de la ciudad de Cartagena de Indias en el segundo período del año 2022 /
Statement of responsibility, etc. Sebastián Enrique Ramos Aguilar; asesor Xiomara Hernández Herazo; Stephanie Carrillo González; Claudia Romero Escobar; Ana España Ávila; Anette Martínez.
260 ## - PUBLICATION, DISTRIBUTION, ETC.
Place of publication, distribution, etc. Cartagena de Indias :
Name of publisher, distributor, etc. Corporación Universitaria Rafael Nuñez,
Date of publication, distribution, etc. 2022.
300 ## - PHYSICAL DESCRIPTION
Extent 96 hojas.
502 ## - DISSERTATION NOTE
Dissertation note Trabajo de Grado. (Instrumentador Quirurgico). Corporación Universitaria Rafael Nuñez . Facultad de Ciencias de la Salud . Programa de Instrumentación Quirúrgica, 2022.
520 ## - SUMMARY, ETC.
Summary, etc. "En este trabajo de grado relacionado a la práctica social se realizó un análisis DOFA en la empresa del sector salud semesca S.A.S. Servicios medico quirúrgicos especializados del caribe en donde se evaluó un análisis interno y externo, la estructura empresarial, recurso humano, calidad de los servicios y la creación de estrategias y plan de trabajo para el desarrollo de la empresa en los perfiles asistenciales, docencia, administrativos, investigativos y de proyección social. El análisis DOFA de una empresa permite diseñar la estrategia en la que se basará la compañía para afrontar su futuro a corto, medio y largo plazo. Se trata de un mapa a través del que se establecen las debilidades, amenazas, fortalezas y oportunidades de la organización. Un análisis interno y externo del entorno en el que se desarrolla la actividad para mejorar su rentabilidad, funcionamiento y posicionamiento en el mercado. El primer paso es describir la situación actual para después identificar las acciones o cambios que han de llevarse a cabo. Se trata de un diagnóstico estratégico clave en una organización. La información obtenida muestra el actual estado de la compañía, o departamento objeto de estudio, en función de sí misma y del entorno en el que se desarrolla o desea desarrollarse. Es el punto de partida para realizar un análisis histórico y proyectivo. "
650 #0 - SUBJECT ADDED ENTRY--TOPICAL TERM
Topical term or geographic name entry element Instumentacion quirurgica
Form subdivision Tesis y Disertaciones Academicas.
700 1# - ADDED ENTRY--PERSONAL NAME
Personal name Hernández Herazo, Xiomara,
Titles and other words associated with a name tutor.
700 1# - ADDED ENTRY--PERSONAL NAME
Personal name Carrillo González, Stephanie,
Titles and other words associated with a name tutor.
700 1# - ADDED ENTRY--PERSONAL NAME
Personal name Romero Escobar, Claudia,
Titles and other words associated with a name tutor.
700 1# - ADDED ENTRY--PERSONAL NAME
Personal name España Ávila, Ana,
Titles and other words associated with a name tutor.
700 1# - ADDED ENTRY--PERSONAL NAME
Personal name Martínez, Anette,
Titles and other words associated with a name tutor.
856 7# - ELECTRONIC LOCATION AND ACCESS
Uniform Resource Identifier <a href="https://unicurn.sharepoint.com/:b:/s/biblioteca/ES0gMtA1FNVGijhdBBQIjs8B4nyzR5UrgwkDFTN_2wKBlg?e=cXlJb4">https://unicurn.sharepoint.com/:b:/s/biblioteca/ES0gMtA1FNVGijhdBBQIjs8B4nyzR5UrgwkDFTN_2wKBlg?e=cXlJb4</a>
Public note Click aqui para ver el recurso en texto completo
942 ## - ADDED ENTRY ELEMENTS (KOHA)
Source of classification or shelving scheme Dewey Decimal Classification
Koha item type Trabajos de grado
Classification part INQ 2022
Item part R175
Existencias
Withdrawn status Lost status Damaged status Not for loan Collection Home library Current library Shelving location Date acquired Cost, normal purchase price Total checkouts Full call number Barcode Date last seen Price effective from Koha item type
        Trabajos de grado Miguel Henríquez Emiliani Miguel Henríquez Emiliani Trabajo de grado 09/23/2018 35000.00   INQ 2022 R175 024604 03/29/2025 03/29/2025 Trabajos de grado